000 00337nam a22001337a 4500
008 171228b xxu||||| |||| 00| 0 eng d
020 _a0808915320792986
041 _aeng
080 _a616.8
100 _a7
101 _aNEU
245 _aInterpretation of the Luria-Nebraska Neuropsychological Battery
_cMoses, J.A
942 _2udc
_cBK
999 _c39512
_d39512